000 01354nam a22003257a 4500
003 DO-SdBNP
005 20220630110651.0
008 210303b 2001 dr 00| 0 spa d
020 _a9993439061
040 _aBPMSU
_cesp.
_dBPMSU
082 _a355.097293
_bM433e, 2001
_222
100 _aMatos González, Ramiro
_d1927-
245 _aEfemérides militares de la independencia /
_cRamiro Matos González y José Miguel Soto Jiménez
250 _a2a ed. corr.y aument.
_b
260 _aSanto Domingo :
_bLibrería la Trinitaria
_c2001
300 _a397 p. ;
_c23 cm.
500 _a La 1ra. edición en cuatro tomos,1979: 1er. Tomo 162 páginas 5x8, 2do. 175 páginas 5x8, 3er. Tomo 163 páginas 5x8.
500 _aIncluye datos biográficos de los autores en las solapas
500 _a
500 _a
505 0 _aContenido: Palabras al comienzo -- Opiniones -- Enero -- Febrero -- Marzo -- Abril --Mayo -- Junio -- Julio. Agosto -- Septiembre -- Octubre -- Noviembre -- Diciembre.
590 _8Inventariado, 2021 /VM
650 _a
651 4 _aRepública Dominicana
_xEjercito Nacional
_xHistoria
651 4 _aRepública Dominicana
_xHistoria militar
_xCronología
651 4 _aRepública Dominicana
_xHistoria
_xCronología
_y1844-1861
700 _aSoto Jiménez, José Miguel
_d1956 -
910 _aVMateo V.
942 _2ddc
_cBK
999 _c13382
_d13382